| Поле | Инд. | ПП | Название | Значение |
|---|---|---|---|---|
| Тип записи | a | |||
| Библиографический уровень | m | |||
| 001 | Контрольный номер | 2b42dd6ff0734b7fa2eb6c78c636f92e | ||
| 005 | Дата корректировки | 20260404123549.1 | ||
| 008 | Кодируемые данные | 20201023 | ||
| 022 | 0_ | a | ISSN | 2304-1501 |
| 084 | a | Индекс другой классификации/Индекс ББК | 39.53; 68.521(2)-1; 68.521(4Фра)-1; 68.521(4Гем)-1; 63.3(0)6 | |
| 090 | a | Полочн. индекс | 95.2 | |
| 099 | a | Индекс | 22792 | |
| 245 | 10 | a | Заглавие | Авиация и Время |
| n | Номер части/ раздела | №3/2020 | ||
| b | Продолж. заглавия | научно-популярный авиационный журнал Украины | ||
| c | Ответственность | гл. ред. О. М. Ларионов | ||
| h | Физич. носитель | Текст | ||
| 246 | 01 | a | Другая форма заглавия | АиВ |
| 260 | c | Дата издания | 2020 | |
| b | Издательство | Авиация и Время | ||
| a | Место издания | Киев | ||
| 300 | a | Объем | 44 с. | |
| 500 | a | Примечание | Журнал | |
| a | Примечание | На вкладке: чертежи самолетов Ту-124В и Albatros D.II | ||
| 505 | 0_ | a | Форматированное содержание | Ту-124: "переходный лайнер" Туполева |
| b | Автор | Черников О. | ||
| 505 | 0_ | a | Форматированное содержание | Пассажирские грузовозы (Авиатехника для регулярных грузовых линий) |
| b | Автор | Хаустов А. | ||
| 505 | 0_ | a | Форматированное содержание | Дальний перелет самолета "Родина" |
| b | Автор | Маслов М. | ||
| 505 | 0_ | a | Форматированное содержание | Французские авиаторы на Восточном фронте (1916 - 1918 годы) |
| b | Автор | Харук А | ||
| 505 | 0_ | a | Форматированное содержание | "Альбатрос" D.II - германский ответ союзникам |
| b | Автор | Брадич С. | ||
| 600 | 14 | a | Персоналии | Гризодубова Валентина Степановна |
| a | Персоналии | Осипенко Полина Денисовна | ||
| a | Персоналии | Раскова Марина Михайловна | ||
| 650 | 04 | a | Основная рубрика | авиастроение |
| a | Основная рубрика | виды вооруженных сил (рода войск) | ||
| a | Основная рубрика | военное дело | ||
| a | Основная рубрика | история | ||
| a | Основная рубрика | летательные аппараты | ||
| a | Основная рубрика | транспорт | ||
| 653 | 0_ | a | Ключевые слова | "Альбатрос" DII (самолет) |
| a | Ключевые слова | "Родина" (самолет) | ||
| a | Ключевые слова | XX век | ||
| a | Ключевые слова | авиационная техника | ||
| a | Ключевые слова | авиационные катастрофы | ||
| a | Ключевые слова | бипланы | ||
| a | Ключевые слова | военные действия | ||
| a | Ключевые слова | Восточный фронт | ||
| a | Ключевые слова | гражданская авиатехника | ||
| a | Ключевые слова | гражданская авиация | ||
| a | Ключевые слова | грузовые перевозки | ||
| a | Ключевые слова | грузовые самолеты | ||
| a | Ключевые слова | дальние перелеты | ||
| a | Ключевые слова | история авиации | ||
| a | Ключевые слова | истребители | ||
| a | Ключевые слова | летчики | ||
| a | Ключевые слова | летчицы | ||
| a | Ключевые слова | Первая мировая война 1914-1918 | ||
| a | Ключевые слова | Россия | ||
| a | Ключевые слова | самолетостроение | ||
| a | Ключевые слова | самолеты | ||
| a | Ключевые слова | СССР | ||
| a | Ключевые слова | Ту-124 | ||
| a | Ключевые слова | Франция | ||
| 700 | 12 | a | Автор | Черников О. |
| q | Полное имя | Черников Олег | ||
| 700 | 12 | a | Автор | Хаустов А. |
| q | Полное имя | Хаустов Андрей | ||
| 700 | 12 | a | Автор | Маслов М. |
| q | Полное имя | Маслов Михаил | ||
| 700 | 12 | a | Автор | Харук А. |
| q | Полное имя | Харук Андрей | ||
| 700 | 12 | a | Автор | Брадич С. |
| q | Полное имя | Брадич Серко | ||
| 773 | 18 | w | Контрольный № источника | 8d0c94a302544398967022c701822f53 |
| 901 | t | Тип документа | s | |
| 952 | a | Тип литературы для КСУ ВШ | НЖ | |
| 991 | s | 3 |